000
00326nam a2200109Ia 4500
008
200302s9999 xx 000 0 und d
100
_a
Frank O. Gehry & Others
245
_a
A History of the Worlds Most Famous and Important Spans Bridges
260
_b
Black Dog & Leventhal Publishers.Inc.,
260
_c
1997
300
_a
128 P.,
999
_c
3029
_d
3029